| 000 | 00350nam a2200145Ia 4500 | ||
|---|---|---|---|
| 001 | R-325 | ||
| 003 | CODICE-MESSINA | ||
| 005 | 20260212102450.0 | ||
| 008 | 260211s9999 xx 000 0 und d | ||
| 040 | _cimportazione_messina | ||
| 100 | _aDacia Maraini | ||
| 245 | 0 | _aLa Lunga Vita Di Marianna Ucria | |
| 260 | _bEdizione Cde | ||
| 942 |
_2ddc _cBK |
||
| 999 |
_c26809 _d26809 |
||